000 00663nam a2200217 u 4500
005 20240802063713.0
008 121005s2008 r 000 0 eng d
020 _a9789702009795
035 _aUPN01000187139
049 _aI
050 4 _aPZ75
_bQ8.2
100 1 _aQuintana Crelis, Laura,
_d1970-
_934109
245 1 4 _aLas andanzas de Daniel /
_cLaura Quintana Crelis ; il. Edgar Clement.
260 _aMéxico :
_bCastillo,
_c2008.
300 _a70 p. :
_bil. col.
440 0 _aCastillo de la lectura.
_pVerde
650 4 _aLibros y lectura para niños
_92290
650 4 _aLiteratura infantil mexicana
_910209
905 _aInfantil
999 _c159242
_d159242